Devine la Cover #1 - Statistiques

Statistiques générales
  • Ce quiz a été pris 281 fois
  • Le résultat moyen est 12 sur 16
Statistiques - réponses
Par images Réponse % Correct
Niska
98%
Damso
96%
Kaaris
96%
Vald
95%
Ninho
94%
Laylow
83%
Booba
79%
Drake
78%
Travis Scott
77%
Shay
75%
La Fève
71%
Orelsan
69%
Luidji
65%
Kendrick Lamar
62%
Luther
49%
Dr Dre
24%
Aucun quiz correspondant
Distribution des résultats
% des personnes avec chaque résultat
Percentile par nombre de réponses
Votre historique - résultats
Vous n’avez pas pris ce quiz